Prescripción del ejercicio físico : (Record no. 23023)
[ view plain ]
| 000 -CABECERA | |
|---|---|
| fixed length control field | 01226nam a22002537i 4500 |
| 003 - IDENTIFICADOR DEL NÚMERO DE CONTROL | |
| control field | AR-CdUCM |
| 008 - DATOS DE LONGITUD FIJA--INFORMACIÓN GENERAL | |
| fixed length control field | 240909b20162016 pe||||| |||| 00| 0 spa d |
| 020 ## - NÚMERO INTERNACIONAL ESTÁNDAR DEL LIBRO | |
| ISBN | 978-612-304-499-2 |
| 040 ## - FUENTE DE LA CATALOGACIÓN | |
| Agencia/entidad que catalogó originalmente la obra | MUNICIPALIDAD PROVINCIAL DEL CUSCO |
| Entidad que transcribió la catalogación | BIBLIOTECA MUNICIPAL DEL CUSCO |
| 082 ## - NÚMERO DE LA CLASIFICACIÓN DECIMAL DEWEY | |
| No. de Clasificación | 615.8202 / P17P |
| Notacion interna | P17P |
| 100 ## - ENTRADA PRINCIPAL--NOMBRE DE PERSONA | |
| Nombre Personal | Pariazamán Guevara, Roosvell |
| 245 ## - MENCIÓN DE TÍTULO | |
| Título | Prescripción del ejercicio físico : |
| Resto del título | cómo diseñar un programa de entrenamiento físico en personas saludables / |
| 260 ## - PUBLICACIÓN, DISTRIBUCIÓN, ETC. | |
| Lugar de publicación, distribución, etc. | Lima |
| Nombre de la editorial, distribuidor, etc. | Editoral Macro |
| Fecha de publicación, distribución, etc. | 2016 |
| 300 ## - DESCRIPCIÓN FÍSICA | |
| Nº de Páginas Extensión | 598 Páginas. : |
| Dimensiones | 25 cm |
| 505 ## - NOTA DE CONTENIDO CON FORMATO | |
| Nota de contenido formateada | Ejercicio terapéutico -- Principios básicos para la periodización y programación de la carga de entrenamiento físico -- Prescripción del ejercicio físico aeróbico-cardiovascular -- Prescripción del ejercicio físico para las capacidades musculares -- Prescripción del ejercicio físico para el entrenamiento de la flexibilidad -- Casos de aplicación integral. |
| 650 ## - PUNTO DE ACCESO ADICIONAL DE MATERIA--TÉRMINO DE MATERIA | |
| Descriptor | Ejercicio físico |
| 9 (RLIN) | 50302 |
| 650 ## - PUNTO DE ACCESO ADICIONAL DE MATERIA--TÉRMINO DE MATERIA | |
| Descriptor | Entrenamiento físico |
| 9 (RLIN) | 50303 |
| 650 ## - PUNTO DE ACCESO ADICIONAL DE MATERIA--TÉRMINO DE MATERIA | |
| Descriptor | Ejercicio aeróbico |
| 9 (RLIN) | 50304 |
| 650 ## - PUNTO DE ACCESO ADICIONAL DE MATERIA--TÉRMINO DE MATERIA | |
| Descriptor | Fitness muscular |
| 9 (RLIN) | 50305 |
| 650 ## - PUNTO DE ACCESO ADICIONAL DE MATERIA--TÉRMINO DE MATERIA | |
| Descriptor | Flexibilidad |
| 9 (RLIN) | 50306 |
| 942 ## - ELEMENTOS DE PUNTO DE ACCESO ADICIONAL (KOHA) | |
| Fuente de clasificación | |
| Tipo de item | Libros-BMC |
| 945 ## - PROCESAMIENTO DE INFORMACIÓN LOCAL (OCLC) | |
| Catalogador | pbj |
| AAAA-MM-DD - Fecha de ingreso o modificacion | 2024-09-09 |
No items available.